Statistiche per Pokémon - prima generazione

Clicka qui per fare il quiz!

Statistiche generali

  • Questo quiz è stato fatto 2.284 volte
  • Il punteggio medio è 79 su 151

Statistiche sulle risposte

N° pokédexPokémon% Corretto
#1Bulbasaur
96%
#6Charizard
95%
#4Charmander
93%
#7Squirtle
93%
#5Charmeleon
91%
#9Blastoise
90%
#2Ivysaur
90%
#25Pikachu
89%
#3Venusaur
87%
#151Mew
86%
#26Raichu
83%
#18Pidgeot
81%
#150Mewtwo
80%
#8Wartortle
80%
#16Pidgey
79%
#144Articuno
78%
#17Pidgeotto
78%
#145Zapdos
78%
#10Caterpie
77%
#11Metapod
77%
#146Moltres
77%
#14Kakuna
73%
#19Rattata
73%
#15Beedrill
71%
#12Butterfree
71%
#149Dragonite
71%
#13Weedle
71%
#147Dratini
70%
#20Raticate
70%
#148Dragonair
68%
#74Geodude
68%
#129Magikarp
68%
#133Eevee
65%
#76Golem
65%
#95Onix
65%
#136Flareon
63%
#94Gengar
63%
#134Vaporeon
63%
#75Graveler
62%
#92Gastly
61%
#135Jolteon
61%
#23Ekans
60%
#130Gyarados
60%
#30Nidorina
60%
#63Abra
59%
#65Alakazam
59%
#24Arbok
59%
#22Fearow
59%
#64Kadabra
59%
#34Nidoking
59%
#31Nidoqueen
59%
#29 | #32Nidoran
59%
#33Nidorino
59%
#143Snorlax
59%
#21Spearow
59%
#93Haunter
58%
#68Machamp
58%
#59Arcanine
57%
#67Machoke
56%
#66Machop
56%
#41Zubat
56%
#51Dugtrio
55%
#50Diglett
54%
#43Oddish
54%
#37Vulpix
54%
#42Golbat
53%
#44Gloom
51%
#131Lapras
51%
#53Persian
51%
#121Starmie
50%
#100Voltorb
50%
#58Growlithe
49%
#52Meowth
49%
#77Ponyta
49%
#78Rapidash
49%
#120Staryu
49%
#126Magmar
48%
#38Ninetales
47%
#45Vileplume
47%
#39Jigglypuff
46%
#81Magnemite
46%
#82Magneton
46%
#101Electrode
45%
#106Hitmonlee
45%
#140Kabuto
45%
#69Bellsprout
44%
#107Hitmonchan
44%
#141Kabutops
44%
#109Koffing
44%
#125Electabuzz
43%
#54Psyduck
43%
#128Tauros
43%
#36Clefable
42%
#35Clefairy
42%
#132Ditto
42%
#84Doduo
42%
#89Muk
42%
#110Weezing
42%
#118Goldeen
41%
#56Mankey
41%
#113Chansey
40%
#55Golduck
40%
#28Sandslash
40%
#142Aerodactyl
39%
#85Dodrio
39%
#88Grimer
39%
#122Mr.Mime
39%
#57Primeape
39%
#119Seaking
39%
#86Seel
39%
#73Tentacruel
39%
#49Venomoth
39%
#48Venonat
39%
#40Wigglytuff
39%
#124Jynx
38%
#138Omanyte
38%
#139Omastar
38%
#27Sandshrew
38%
#72Tentacool
38%
#60Poliwag
37%
#61Poliwhirl
37%
#70Weepinbell
37%
#97Hypno
36%
#112Rhydon
36%
#46Paras
35%
#62Poliwrath
35%
#104Cubone
34%
#87Dewgong
34%
#96Drowzee
34%
#47Parasect
34%
#111Rhyhorn
34%
#80Slowbro
34%
#79Slowpoke
34%
#115Kangaskhan
33%
#117Seadra
33%
#114Tangela
33%
#71Victreebel
33%
#116Horsea
32%
#105Marowak
32%
#123Scyther
32%
#127Pinsir
31%
#91Cloyster
30%
#137Porygon
30%
#83Farfetch'd
27%
#90Shellder
27%
#103Exeggutor
24%
#98Krabby
24%
#99Kingler
23%
#108Lickitung
23%
#102Exeggcute
22%

Distribuzione punteggi

Percentile per numero di risposta

Percentuale di utenti per punteggio

I tuoi punteggi nel tempo

Non hai fatto questo quiz